|
|
|
|
| LEADER |
00000cam a2200000 7i4500 |
| 001 |
0000003271 |
| 005 |
20050819.0 |
| 020 |
0 |
0 |
|a 9280810847 (pbk.)
|
| 090 |
0 |
0 |
|a 634.973763
|b MAN
|
| 245 |
1 |
0 |
|a Mangrove management and conservation :
|b present and future
|c edited by Marta Vannucci.
|
| 260 |
0 |
0 |
|a Tokyo
|a New York :
|b United Nations University Press ,
|c c2004
|
| 300 |
|
|
|a xxiii, 324 p. :
|b ill., maps ;
|c 24 cm.
|
| 650 |
0 |
0 |
|a Mangrove conservation.
|
| 650 |
0 |
0 |
|a Mangrove forests
|x Management.
|
| 700 |
1 |
1 |
|a Vannucci, M. [
|q (Marta), ,
|d 1921-
|
| 999 |
|
|
|a 0000006234
|b Monograph
|c Open Shelf
|e Default branch
|